000 00441nam a22001697a 4500
003 CEME
005 20210628205434.0
008 210316b xxu||||| |||| 00| 0 eng d
020 _a0-07-021241-4
040 _c.
082 _a004 ERI'C
100 _aErickson, Fritz J Vonk, John A
_961137
245 _aComputer essentials in education the teaching tools
260 _aNEWYORK
_bMCGRAW HILL
_c1996
300 _a280P
942 _cBK
_2ddc
999 _c580950
_d580950